"Főbérlői" mentalitás

Elmentve itt :
Bibliográfiai részletek
Szerző: CORNEA Andrei
Adatforrás:Meister
Forrásdokumentuma:A Hét. -
35-36 sz., 1995, 11 p.
Nyelv:magyar
Kulcsszavak:politikai publicisztika
erdélyi kérdés
román nacionalizmus
kisebbségi kérdés
Románia
LEADER 00456nab a2200169 i 4500
001 bibPRO00006870
008 060524s1995 xx hun
040 |a Sz1 
041 |a hun 
100 1 |a CORNEA Andrei 
245 1 1 |a "Főbérlői" mentalitás  |c CORNEA Andrei 
695 |a politikai publicisztika 
695 |a erdélyi kérdés 
695 |a román nacionalizmus 
695 |a kisebbségi kérdés 
695 |a Románia 
773 0 |t A Hét. -  |g 35-36 sz., 1995, 11 p.